00516nam a2200157Ia 4500008004000000082001300040100001600053245004300069260004000112300001100152650002800163690001500191906001100206999001700217952012400234210210b1987 xxu||||| |||| 00| 0 eng d a658 MISF aMISHRA (N). aFundamentals of business organisation. aNew Delhi.bAllied Publishersc1987 axi,604 aBusiness Organisation  aManagement a040436 c90240d90240 001040708ManagementaALbALcManagementd2021-02-17g50.00l0o658 MISFp040436r2021-02-17 00:00:00w2021-02-17yBK